Catálogo

Escépticos y creyentes : (Registro nro. 61727)

Detalles MARC
000 -LEADER
fixed length control field 00733nam a2200241 u 4500
001 - CONTROL NUMBER
control field 61727
005 - DATE AND TIME OF LATEST TRANSACTION
control field 20180714063456.0
008 - FIXED-LENGTH DATA ELEMENTS--GENERAL INFORMATION
fixed length control field 141112s2009 mx r 000 0 spa d
020 ## - INTERNATIONAL STANDARD BOOK NUMBER
International Standard Book Number 968-19-1114-8
082 0# - DEWEY DECIMAL CLASSIFICATION NUMBER
Classification number 213
Item number RAY
100 1# - MAIN ENTRY--PERSONAL NAME
Personal name Raymo, Chet
Relator term autor
245 10 - TITLE STATEMENT
Title Escépticos y creyentes :
Remainder of title un análisis apasionante de la milenaria polémica entre ciencia y religión /
Statement of responsibility, etc. Chet Raymo.
250 ## - EDITION STATEMENT
Edition statement Primera edición
264 #1 - PRODUCTION, PUBLICATION, DISTRIBUTION, MANUFACTURE, AND COPYRIGHT NOTICE
Place of production, publication, distribution, manufacture México :
Name of producer, publisher, distributor, manufacturer Aguilar,
Date of production, publication, distribution, manufacture, or copyright notice 2002
300 ## - PHYSICAL DESCRIPTION
Extent 255 páginas ;
Dimensions 23 cm.
336 ## - CONTENT TYPE
Content type term texto
Source rdacontent
337 ## - MEDIA TYPE
Media type term sin mediación
Source rdamedia
338 ## - CARRIER TYPE
Carrier type term volumen
Source rdacarrier
650 #0 - SUBJECT ADDED ENTRY--TOPICAL TERM
Topical term or geographic name entry element Religion y ciencia
650 #0 - SUBJECT ADDED ENTRY--TOPICAL TERM
Topical term or geographic name entry element Creación
650 #0 - SUBJECT ADDED ENTRY--TOPICAL TERM
Topical term or geographic name entry element Evolución
650 #0 - SUBJECT ADDED ENTRY--TOPICAL TERM
Topical term or geographic name entry element Fe
Existencias
Withdrawn status Lost status Source of classification or shelving scheme Damaged status Not for loan Collection code Home library Current library Shelving location Date acquired Source of acquisition Inventory number Total Checkouts Full call number Barcode Date last seen Price effective from Koha item type
    Dewey Decimal Classification     General Centro de Estudios en Ciencia y Religión Centro de Estudios en Ciencia y Religión Sala general 12/11/2014 Compra 151000000000000000078147   213 RAY 2002 93151 05/01/2026 20/11/2015 Libro